Sức bền vật liệu /
Sức bền vật liệu là một phần cơ học vật rắn biến dạng, cho cơ sở nhìn nhận và đánh giá đúng đắn sự làm việc của các bộ phận công trình khi sử dụng. Đó là những thiết kế không thể thiếu được của người thiết kế...
Enregistré dans:
| Auteur principal: | |
|---|---|
| Autres auteurs: | , |
| Format: | Livre |
| Langue: | Vietnamese |
| Publié: |
Hà Nội :
Xây dựng,
1999.
|
| Sujets: | |
| Tags: |
Ajouter un tag
Pas de tags, Soyez le premier à ajouter un tag!
|
| Thư viện lưu trữ: | Mạng thư viện Đại học Đà Nẵng |
|---|
| LEADER | 01290cam a2200361 i 4500 | ||
|---|---|---|---|
| 001 | 000042884 | ||
| 003 | 759 | ||
| 005 | 20121013145426.0 | ||
| 008 | 010217b1999 vm 000 vie | ||
| 020 | |c 26000 | ||
| 040 | |a IRC |c IRC |d IRC | ||
| 041 | 0 | |a vie | |
| 082 | 1 | 4 | |a 620.112 |b NG-L |
| 100 | 1 | |a Nguyễn Văn Liên. | |
| 245 | 1 | 0 | |a Sức bền vật liệu / |c Nguyễn Văn Liên chủ biên, Đinh Trọng Bằng, Nguyễn Phương Thành. |
| 260 | |a Hà Nội : |b Xây dựng, |c 1999. | ||
| 300 | |a 330 tr. : |b mh. ; |c 27 cm. | ||
| 520 | 3 | |a Sức bền vật liệu là một phần cơ học vật rắn biến dạng, cho cơ sở nhìn nhận và đánh giá đúng đắn sự làm việc của các bộ phận công trình khi sử dụng. Đó là những thiết kế không thể thiếu được của người thiết kế... | |
| 630 | 0 | 4 | |a Vật liệu. |
| 630 | 0 | 4 | |a Sức bền vật liệu. |
| 650 | 0 | 4 | |a Sức bền vật liệu |x Giáo trình. |
| 700 | 1 | |a Đinh Trọng Bằng. | |
| 700 | 1 | |a Nguyễn Phương Thành. | |
| OWN | |a DUT | ||
| 999 | |a From the UDN01 | ||
| TYP | |a Monograph | ||
| TYP | |a Printed language | ||
| 980 | |a Mạng thư viện Đại học Đà Nẵng | ||